Marketing orientovaný na seniorov

Zmeny spotrebiteľského a nákupného správania seniorov. Poznanie potrieb a želaní seniorov, môže priniesť vyššiu lojalitu tohto segmentu. Vekom podmienené obmedzenia zákazníkov a vplyv na proces nákupu.

Guardado en:
Detalles Bibliográficos
Autor principal: Lesáková, Dagmar, 1949-
Formato: Capítulo de libro
Lenguaje:eslovaco
Materias:
Etiquetas: Agregar Etiqueta
Sin Etiquetas, Sea el primero en etiquetar este registro!

MARC

LEADER 00000naa$a2200000$$$4500
001 0176561
005 20240502073017.8
041 0 |a slo 
044 |a SK 
245 1 0 |a Marketing orientovaný na seniorov  |c Dagmar Lesáková 
520 |a Zmeny spotrebiteľského a nákupného správania seniorov. Poznanie potrieb a želaní seniorov, môže priniesť vyššiu lojalitu tohto segmentu. Vekom podmienené obmedzenia zákazníkov a vplyv na proces nákupu. 
610 2 0 |a marketing 
610 2 0 |a stratégia marketingová 
610 2 0 |a segmentácia trhu 
610 2 0 |a rozhodovanie nákupné 
610 2 0 |a správanie spotrebiteľa 
610 2 0 |a lojálnosť zákazníkov 
610 2 0 |a seniori 
100 1 |a Lesáková, Dagmar, 1949-